000 00554nam a2200181 a 4500
001 000022277
005 20200930011650.0
008 100921s1988 dr ad 001 0 spa d
040 _aDO-SdBNP
_bspa
_cBNPHU
082 _axxxx
_bP769c
245 0 0 _aPolítica cambiaria :
_befectos en la agropecuaria 1984-1987 /.
260 _aSanto Domingo :
_bConsenso Agrario,
_c1988.
300 _a62 p. :
_bil., gráf. ;
_c23 cm.
490 1 _aConsenso Agrario
_v1
504 _aBibliografía : p. 61 -62
830 0 _aConsenso Agrario
_vno. 1
_946028
049 _aBNPD
999 _c21775
_d21775